000 00434nam a22001457a 4500
003 OSt
008 230309b |||||||| |||| 00| 0 eng d
082 _a327 DRP
100 _aDrishti Publication
245 _aPolitical Science and International Relation (Comparative Political Analysis and International Politics) Book-V
260 _aNew Delhi
_bDrishti Publication
300 _a210
650 _aGeneral Books
942 _2ddc
_cREF
999 _c11861
_d11861